What's inside this box? - Countries #1 - Statistics

General Stats
  • This quiz has been taken 130 times
  • The average score is 6 of 9
Answers on the Map
Answers color-coded by a green-red scale on the quiz's map according to % correct below.
 
Answer Stats
Hint Answer % Correct
What is the only country that starts with the letter Q? Qatar
100%
What is the least populous country? Vatican City
85%
Which country first made pizza? Italy
83%
Which country has the northernmost capital? Iceland
76%
Which country has Mt.Kilimanjaro? Tanzania
65%
What is the most visited country in the Caribbean? Dominican Republic
56%
Which country has the capital Paramaribo? Suriname
50%
What is the only African Country where Spanish is an official language? Equatorial Guinea
42%
WHAT WAS IN THAT BOX? Medal
36%
No matching quizzes found
Score Distribution
Percent of People with Each Score
Percentile by Number Answered
Your Score History
You have not taken this quiz